000 00453nam a2200145Ia 4500
008 260210s9999 xx 000 0 und d
024 _a20B-067-SE, 20B-127-SE & 20B-106-SE
082 _a005.1072 ATH
100 _aJaveria Athar, Naiha Zafar & Ayesha Rauf
110 _aEngr. Rabbia Zuberi
245 0 _aHelmSecure Vision
260 _aKarachi:
_bUITU,
_c2020
600 _aBachelor of Software Engineering (SE)
650 _aSoftware Engineering
999 _c33510
_d33510